Advanced statistical methods / Sahana Prasad (Record no. 22239)

000 -LEADER
fixed length control field 00419nam a22001337a 4500
020 ## - INTERNATIONAL STANDARD BOOK NUMBER
ISBN 9789819972562
082 ## - DEWEY DECIMAL CLASSIFICATION NUMBER
Classification number 519.5
Item number P911 2014
100 ## - MAIN ENTRY--AUTHOR NAME
Personal name Prasad, Sahana, author.
245 ## - TITLE STATEMENT
Title Advanced statistical methods / Sahana Prasad
260 ## - PUBLICATION, DISTRIBUTION, ETC. (IMPRINT)
Place of publication Bengaluru, Karnataka, India :
Name of publisher R V University,
Year of publication c2024
300 ## - PHYSICAL DESCRIPTION
Number of Pages 1online resource, xii, 218 pages :
Other physical details illustrations
650 ## - SUBJECT ADDED ENTRY--TOPICAL TERM
Topical Term Statistics—Methodology
942 ## - ADDED ENTRY ELEMENTS (KOHA)
Koha item type Electronic Books
Holdings
Source of acquisition Permanent Location Date acquired Collection code Koha item type Lost status Shelving location Withdrawn status Current Location Full call number
DonationCagayan State University - Carig Library2026-04-14E-BooksElectronic Books E-Resource Section Cagayan State University - Carig Library519.5 P911 2024

Cagayan State University University Library, Carig Campus
Tuguegarao City, Cagayan 3500 | www.csucarig.edu.ph

Powered by Koha